Love : the law of life

This book expresses a faith like that. It traces love up through lower unconscous statges in forms of mutual aid and the sacrifice of the self for the group to the joyous, radiant, conscious dedication of the personal life for the sake of others, flowering at its highest and holiest culmination in t...

Cur síos iomlán

Đã lưu trong:
Sonraí Bibleagrafaíochta
Príomhúdar: Kagawa, Toyohiko
Formáid: Leabhar
Teanga:Undetermined
Foilsithe: Chicago: The John C. Winston Company 1929
Ábhair:
Clibeanna: Cuir Clib Leis
Gan Chlibeanna, Bí ar an gcéad duine leis an taifead seo a chlibeáil!
Thư viện lưu trữ: Trung tâm Học liệu Trường Đại học Cần Thơ
LEADER 00955nam a2200217Ia 4500
001 CTU_108767
008 210402s9999 xx 000 0 und d
082 |a 248.4 
082 |b K11 
100 |a Kagawa, Toyohiko 
245 0 |a Love : 
245 4 |b the law of life 
245 0 |c Toyohiko Kagawa 
260 |a Chicago: 
260 |b The John C. Winston Company 
260 |c 1929 
520 |a This book expresses a faith like that. It traces love up through lower unconscous statges in forms of mutual aid and the sacrifice of the self for the group to the joyous, radiant, conscious dedication of the personal life for the sake of others, flowering at its highest and holiest culmination in the Great Galilean, through whom God's character as grace and love at last stands revealed in its full glory,... 
650 |a Love 
650 |x Religious aspects,Christianity 
904 |i Năm 
980 |a Trung tâm Học liệu Trường Đại học Cần Thơ